书目信息 |
| 题名: |
三元里人民抗英斗争史料
|
|
| 作者: | ;广东省文史研究馆 编 | |
| 分册: | ||
| 出版信息: | 北京 中华书局 1978 |
|
| 页数: | 448页 | |
| 开本: | 20cm | |
| 丛书名: | ||
| 单 册: | ||
| 中图分类: | K253.106 , K206 | |
| 科图分类: | ||
| 主题词: | 三元里人民抗英斗争--史料 , 中国--通史 | |
| 电子资源: | ||
| ISBN: | ||
| 000 | 00697nam0 2200241 450 | |
| 001 | 1565975215 | |
| 005 | 20150129182027.14 | |
| 010 | @dCNY1.75 | |
| 091 | @a11018.163 | |
| 100 | @a19950724d1978 em y0chiy0110 ea | |
| 101 | 0 | @achi |
| 102 | @aCN@b110000 | |
| 105 | @ay z 000yy | |
| 200 | 1 | @a三元里人民抗英斗争史料@9san yuan li ren min kang ying dou zheng shi liao@f广东省文史研究馆编 |
| 210 | @a北京@c中华书局@d1978 | |
| 215 | @a448页@d20cm | |
| 606 | 0 | @a三元里人民抗英斗争@x史料 |
| 606 | 0 | @a中国@x通史 |
| 690 | @aK253.106@v5 | |
| 690 | @aK206@v4 | |
| 711 | 02 | @a广东省文史研究馆@9guang dong sheng wen shi yan jiu guan@4编 |
| 801 | 0 | @aCN@bTSSF@c20150129 |
| 905 | @aZUCC@dK206@eJY19 | |
| 三元里人民抗英斗争史料/广东省文史研究馆编.-北京:中华书局,1978 |
| 448页;20cm |
| ISBN :CNY1.75 |
| ● |
| 相关链接 |
|
|
|
|
正题名:三元里人民抗英斗争史料
索取号:K206/JY19
 
预约/预借
| 序号 | 登录号 | 条形码 | 馆藏地/架位号 | 状态 | 备注 |
| 1 | 7863644 | 278636442 | 学院路分馆/ [索取号:K206/JY19] | 在馆 | |
| 2 | 7863645 | 278636451 | 学院路分馆/ [索取号:K206/JY19] | 在馆 |